Financial News Releases

Detalles Bibliográficos
Formato: eBook
Lenguaje:inglés
Publicado: Vancouver: Newsfile Corp., 2014 -
Materias:
Acceso en línea:Acceso restringido

MARC

LEADER 00000nam a22000007a 4500
005 20191018010918.0
007 cr|||| ||||
008 191018s20149999us wr|w s|||| 0|||b1eng d
035 |a 22218 
040 |a vLex 
090 |c 9897  |d 9897 
245 0 0 |a Financial News Releases  |h [Recurso electrn̤ico] / 
256 |a Servicio en ln̕ea 
260 |a Vancouver:  |b Newsfile Corp.,  |c 2014 - 
300 |a 1 recurso electrn̤ico 
310 |a Semanal 
506 1 |a Disponible solo en los productos indicados  |d vLex Global  |d vLex Global (Academic Edition, excluding Law Schools)  |d vLex Global (Academic Edition, Law Schools) 
650 0 4 |a Materias no jurd̕icas  |z Estados Unidos 
650 0 4 |a Economa̕ y negocios  |z Estados Unidos 
740 0 |a vLex Revistas (Servicio en ln̕ea) 
856 4 0 |u http://vlex.com/source/22218  |z Acceso restringido 
942 |c REV 
999 0 |a Non-legal matters 
999 0 |a Economy and business